Normal view
MARC view
- الاستشارات الادارية-التنمية الادارية-ادارة الاعمال
Entry Topical Term
001 - CONTROL NUMBER
- control field: 45813
003 - CONTROL NUMBER IDENTIFIER
- control field: JO-AjAnu
005 - DATE AND TIME OF LATEST TRANSACTION
- control field: 20230606081557.0
008 - FIXED-LENGTH DATA ELEMENTS
- fixed length control field: 230606|| aca||aabn | a|a d
040 ## - CATALOGING SOURCE
- Original cataloging agency: JO-AjAnu
- Transcribing agency: JO-AjAnu
150 ## - HEADING--TOPICAL TERM
- Topical term or geographic name entry element: الاستشارات الادارية-التنمية الادارية-ادارة الاعمال
670 ## - SOURCE DATA FOUND
- Source citation: Work cat.: (JO-AjAnu)23453: ابو شيخة، نادر احمد, author 45812, ادارة الاستشارات